| 000 | 01353nam a2200337 a 4500 | ||
|---|---|---|---|
| 001 | BRCA_3427 | ||
| 005 | 20190320204258.0 | ||
| 041 | _aeng | ||
| 044 | _aenk | ||
| 084 |
_a716 _b.J33 _c1950 |
||
| 100 | 1 |
_aCervantes Saavedra, Miguel de _d1547-1616 _9213 |
|
| 245 | 1 | 0 |
_aStories from Don Quixote _cTold to the Children by John Lang. |
| 260 |
_aLondres : Nueva York _bT. C. and E. C. Jack : E. P. Dutton and Co. _c1950 |
||
| 300 |
_avii, 120 p. _bil. a color _c15 cm. |
||
| 440 | 0 |
_aTold to the Children Series _98983 |
|
| 500 | _aContenido : Serie de episodios quijotescos compendiados | ||
| 500 | _aEdición : With Pictures by F. M. B. Blaikie | ||
| 500 | _aCompendio muy abreviado para niños por J. Lanc. Ilustrado por Blaikie. Tela; lomo y plano decorados con motivos quijotescos Lúdovik Osterc | ||
| 500 | _aIncluye índice : De historias | ||
| 500 | _aQMB65 | ||
| 546 | _aTexto en : inglés | ||
| 650 | 1 | 4 |
_aNovela española _yÉpoca clásica, 1500-1700 _9215 |
| 650 | 1 | 4 |
_aLiteratura española _yÉpoca clásica, 1500-1700 _9216 |
| 650 | 1 | 4 |
_aNovela española _ySiglo XVII _9217 |
| 650 | 1 | 4 |
_aDon Quijote (Personaje ficticio) _eNovela _9218 |
| 700 | 1 |
_aLanc, John _d1816-1864 _eEditor _98984 |
|
| 700 | 1 |
_aBlaikie, F. M. B. _eIlustrador _98985 |
|
| 740 | 0 | _aEl Ingenioso Hidalgo Don Quijote de la Mancha | |
| 902 | _aQFM | ||
| 942 |
_2lcc _cB |
||
| 999 |
_c3163 _d3163 |
||